Quizzes
Events
Quiz Creation
Community
Videos
Private Events
Remove Ads
Sign In
Join for FREE
Feedback
Dark Mode
Quiz Categories
Sports
Geography
Music
Movies
Television
Just For Fun
Miscellaneous
History
Literature
Language
Science
Gaming
Entertainment
Religion
Holiday
For Kids
Quiz Lab
Recent
Popular Today
Quiz Kudos Today
Editor Picks
Curator Picks
Quizzes by...
Day
Popularity
Type
Ratings
Length
Year
Community
Subscriptions
Recent Discussions
Orange Saloon
Badges
Playlists
Quests
Create
Leaderboards
Showdown
Live 5
Trivia Bingo
Activity
Puzzle Library
Sporcle Events
Private Events
Virtual Trivia
Globe League
Become a Host
Pub Owners
SporcleCon
Opinionation
Our Games
Videos
Blog
Mobile Apps
Partnerships
Remove Ads and Go Orange
Feedback
Geography
Country
Landmarks
City
State
Population
World
Capital
Continent
Flags
Europe
Africa
Asia
South America
North America
Oceania
Border
Canada
United Kingdom
Topography
United States
Geography
Country
Landmarks
City
State
Population
World
Capital
Continent
Flags
Europe
Africa
Asia
South America
North America
Oceania
Border
Canada
United Kingdom
Topography
United States
Random Quiz
Search Sporcle
×
Quiz Lab
Quiz Lab
Geography
City
Type in answers that appear in a list
Type in answers that appear in a list
Classic
Best Score? Go Orange.
Tennessee Counties by Region-Middle Stats
Can you name the Tennessee Counties by Region-Middle?
By
Linkrules1986loz
12m
47 Questions
53 Plays
53 Plays
53 Plays
Comments
Comments
Give Quiz Kudos
Give Quiz Kudos
-
- Ratings
hide this ad
Replay
Link that replays current quiz
Next Quiz
Link to next quiz in quiz playlist
You Got
0%
They Got
Avg Score
70%
Avg Friend Score
Upgrade to see
Score Distribution
Jump to the score distribution portion of the page
Score
0/47
Timer
12:00
0
Plays Today
Major City
County
% Correct
Nashville
Davidson
94.3%
Murfeesboro
Rutherford
88.7%
Chattanooga
Hamilton
86.8%
Franklin
Williamson
86.8%
Cookeville
Putnam
86.8%
Portland
Sumner
84.9%
Lebanon
Wilson
84.9%
Hartsville
Trousdale
84.9%
Columbia
Maury
83%
Carthage
Smith
83%
Lynchburg
Moore
83%
Clarksville
Montgomery
81.1%
Winchester
Franklin
81.1%
Lawrenceburg
Lawrence
79.2%
McMinnville
Warren
79.2%
Manchester
Coffee
79.2%
Waynesboro
Wayne
77.4%
Dickson
Dickson
77.4%
Woodbury
Cannon
77.4%
Celina
Clay
73.6%
Pulaski
Giles
73.6%
Gainesboro
Jackson
73.6%
Lafayette
Macon
69.8%
Fayetteville
Lincoln
69.8%
Major City
County
% Correct
Smithville
DeKalb
69.8%
Crossville
Cumberland
67.9%
Dayton
Rhea
67.9%
Livingston
Overton
67.9%
Sparta
White
67.9%
Dunlap
Sequatchie
67.9%
Spencer
Van Buren
67.9%
Linden
Perry
64.2%
Jamestown
Fentress
64.2%
Byrdstown
Pickett
62.3%
Hohenwald
Lewis
62.3%
Jasper
Marion
62.3%
Ashland City
Cheatham
62.3%
Shelbyville
Bedford
62.3%
Lewisburg
Marshall
60.4%
Erin
Houston
58.5%
Dover
Stewart
58.5%
Tracy City
Grundy
56.6%
Pikeville
Bledsoe
54.7%
Centerville
Hickman
52.8%
Wartburg
Morgan
47.2%
Springfield
Roberston
24.5%
Waverly
Humpherys
22.6%
Quiz Playlist
Details
Report
Send in Message
Add To Playlist
Classic:
Type in answers that appear in a list
Last Updated: Feb 16, 2017
Quiz Scoreboard
CHALLENGE
Sign Up to Join the Scoreboard
Show All
Scores
Hide
Comments
May contain spoilers
Recently Published
NBA Finals Game Top Scorers (2010s)
by flibbidy
Sports
5m
Guess the 'R' Things in 3 Words
by MSUKent
Miscellaneous
3m
Actor to Badly Drawn Movie III
by MoMosMoProblems
Movies
5m
More to Explore
Quiz From the Vault
Featured Blog Post
Where Does Lost Luggage Go?
hide this ad
You Might Also Like...
Tags
City Quiz
Nintendo Quiz
counties
major
tennessee
Tennessee Counties
Today's Top Quizzes in Geography
Browse Geography
hide this ad
Today's Top Quizzes in City
Browse City
Top Contributed Quizzes in Geography
1
Countries of the World - No Outlines Minefield
2
Find the Landmarks A-Z
3
Lietuvos savivaldybės (Lithuanian Municipalities)
4
Blind Ultimate Minefield: World
5
Find the US States - No Outlines
6
Ultimate Geography Challenge 'A'
7
3, 2, 1 or 0: Land Borders
8
Complete the Map Snippet (Minefield) IX
9
Nickname Match: U.S. States
10
Complete the Map Snippet (Minefield) X
Explore More
Trending Topics
Disney
Kpop
Crossword
Marvel
Anime
Harry Potter
NBA
Pokémon
Country
Puzzle
WWE
Song
Soccer
NFL
The Office
hide this ad
More By:
Linkrules1986loz
Quiz
Plays
Rating
Category
Featured
Created
Zoo Tycoon 2 Animals by Stars of Fame
279
5.00
Gaming
Aug 1, 2012
Digimon Adventure Episodes
235
Television
Sep 1, 2012
Digimon Adventure 2 Episodes
133
Television
Sep 1, 2012
Ohio Counties by Region-Northeast
130
Geography
Jul 15, 2012
Zoo Tycoon 2 Complete Collection Food Items
119
Gaming
Jul 12, 2012
Go to Creator's Profile
Score Distribution
Quiz Creator Spotlight
Linkrules1986loz
Follow
Send a Message
Quizzes Created
-
Created Quiz Play Count
-
More By This Creator
Popular Quizzes Today
1
Find the US States - No Outlines Minefield
2
Find the US States
3
The Countries of the World
4
10 Largest US States in Order
5
Find the Countries of Europe - No Outlines Minefield
6
US States
7
Guess the 'R' Things in 3 Words
8
NBA Finals Game Top Scorers (2010s)
More Geography Quizzes
Hide South America by Neighboring Countries
Published
Trending Quizzes
First Name TV: Leading Men
Match the Book to the Film II
3-Word Movies in 1 Word II
First Name TV: Leading Women Drama
Match the Book to the Film VI
Recently Updated
Women's Final Four Teams by Year
bhenderson79
Presidents Quartet II
eogle
Anything But Clue(do)
eogle
Anything But Oceanian Capitals
eogle
Anything But 7
eogle
Anything But Thing
eogle
Word Ladder: February 29
pecheneg
Song Title Questions
pecheneg
Women's NCAA Tournament #1 Seeds
pecheneg
Celebrity Mug Shots
pecheneg
Trending Topics
Marvel
Anime
Kpop
NBA
Crossword
Disney
Harry Potter
Song
Soccer
Country
The Office
Pokémon
Puzzle
NFL
WWE
Your Account Isn't Verified!
In order to create a playlist on Sporcle, you need to verify the email address you used during registration. Go to your
Sporcle Settings
to finish the process.
Report this User
Report this user for behavior that violates our
Community Guidelines
.
Details:
Send Report
Go to the Sporcle.com Mobile Site →
Comments